| 000 | 00895nac a22002531u 4500 | ||
|---|---|---|---|
| 003 | EG-ScBUE | ||
| 005 | 20211202101847.0 | ||
| 008 | 110712s1987 ua f 000 j ara d | ||
| 040 |
_aEG-ScBUE _bara _erda _cEG-ScBUE _dEG-ScBUE |
||
| 082 | 0 | 4 |
_a892.736 _bق ع ي _222 |
| 100 | 1 |
_aالقعيد، يوسف، _d1944- _eمؤلف. _98108 |
|
| 245 | 1 | 2 |
_aالقلوب البيضاء : _bرواية / _cيوسف القعيد. |
| 250 | _aالطبعة الأولى. | ||
| 264 | 1 |
_aالقاهرة : _bدار الشروق، _c1987. |
|
| 300 |
_a129 صفحة ؛ _c20 سم |
||
| 336 |
_2rdacontent _aنص _btxt |
||
| 337 |
_2rdamedia _aبدون وسيط _bn |
||
| 338 |
_2rdacarrier _aمجلد _bnc |
||
| 650 | 7 |
_aالقصص العربية القصيرة _zمصر _yقرن 21. _2BUEsh _98542 |
|
| 651 | _2BUEsh | ||
| 653 |
_cJuly2011 _bARALIT |
||
| 655 |
_vReading book _934232 |
||
| 942 |
_cBB _k892.736 ق ع ي _2ddc |
||
| 999 |
_c5511 _d5511 |
||